Towards zero carbon housing (Record no. 106714)

MARC details
000 -LEADER
fixed length control field 02041cam a22003135a 4500
001 - CONTROL NUMBER
control field L137285
008 - FIXED-LENGTH DATA ELEMENTS--GENERAL INFORMATION
fixed length control field 110901s2007 xxk f 000 0 eng d
035 ## - SYSTEM CONTROL NUMBER
System control number (Sirsi) u137285
041 0# - LANGUAGE CODE
Language code of text/sound track or separate title eng
050 04 - LIBRARY OF CONGRESS CALL NUMBER
Classification number 696.9 $2 18
100 1# - MAIN ENTRY--PERSONAL NAME
Personal name Courtney, Roger
245 00 - TITLE STATEMENT
Title Towards zero carbon housing
Remainder of title lessons from Northern Europe
-- report of a DTI global watch mission November-December 2006
Medium [electronic resource]
260 ## - PUBLICATION, DISTRIBUTION, ETC.
Place of publication, distribution, etc. Melton Mowbray
Name of publisher, distributor, etc. Pera
Date of publication, distribution, etc. 2007
300 ## - PHYSICAL DESCRIPTION
Extent 68p.
Other physical details ill.
Dimensions 30cm.
490 #0 - SERIES STATEMENT
Series statement DTI Global Watch Mission Report
Volume/sequential designation November-December 2006
505 2# - FORMATTED CONTENTS NOTE
Formatted contents note Executive summary -- Introduction -- Energy supply and institutional factors -- Design of very low energy housing -- Energy efficient refurbishment -- Performance of low energy housing -- New technologies for saving and supplying energy in housing -- Findings -- Appendices
520 ## - SUMMARY, ETC.
Summary, etc. Examines the technologies and design principles used in Denmark, Sweden and Germany for reducing energy use and greenhouse gas emissions in new and existing housing. Considers how these green building solutions could influence future housing design and energy systems in the UK. The experience in these countries shows that there are no technical barriers to the construction of low-rise housing of conventional appearance but with very low energy demand for space heating. New energy related technologies used include heat pumps, micro CHP, heat storage materials, and high performance insulation.
590 ## - LOCAL NOTE (RLIN)
Local note KA
650 24 - SUBJECT ADDED ENTRY--TOPICAL TERM
Topical term or geographic name entry element GREEN BUILDINGS
651 #4 - SUBJECT ADDED ENTRY--GEOGRAPHIC NAME
Geographic name Europe
690 ## - LOCAL SUBJECT ADDED ENTRY--TOPICAL TERM (OCLC, RLIN)
Topical term or geographic name as entry element BUILT ENVIRONMENT-SUSTAINABLE CONSTRUCTION
690 ## - LOCAL SUBJECT ADDED ENTRY--TOPICAL TERM (OCLC, RLIN)
Topical term or geographic name as entry element ENVIRONMENTAL AND LAND CONSULTANCY-ENERGY-ENERGY USE-ENERGY EFFICIENCY
700 1# - ADDED ENTRY--PERSONAL NAME
Personal name Venables, Tim
700 1# - ADDED ENTRY--PERSONAL NAME
Personal name Wing, Robert
710 1# - ADDED ENTRY--CORPORATE NAME
Corporate name or jurisdiction name as entry element United Kingdom
Subordinate unit Department of Trade and Industry
710 2# - ADDED ENTRY--CORPORATE NAME
Corporate name or jurisdiction name as entry element Construction Industry Research and Information Association
9 (RLIN) 4810
856 48 - ELECTRONIC LOCATION AND ACCESS
Uniform Resource Identifier <a href="https://www.ciria.org.uk/downloads/01/dti_global_mission_watch_report.pdf">https://www.ciria.org.uk/downloads/01/dti_global_mission_watch_report.pdf</a>
Public note View the report free of charge at www.ciria.org.uk
942 ## - ADDED ENTRY ELEMENTS (KOHA)
Suppress in OPAC 0
Holdings
Withdrawn status Lost status Source of classification or shelving scheme Damaged status Not for loan Home library Current library Shelving location Date acquired Total Checkouts Full call number Barcode Date last seen Copy number Price effective from Koha item type Date last checked out
    Dewey Decimal Classification     London London Books 20/08/2007 2 F696.9 30073908 06/08/2019 1 06/08/2019 Book 05/12/2007
    Dewey Decimal Classification     Virtual Virtual Online 02/04/2007   ONLINE PUBLICATION 137285-1001 06/08/2019 1 06/08/2019 Book